Normal view
MARC view
Entry Personal Name
001 - CONTROL NUMBER
- control field: 29228
003 - CONTROL NUMBER IDENTIFIER
- control field: ARRUPE
005 - DATE AND TIME OF LATEST TRANSACTION
- control field: 20170301115203.0
008 - FIXED-LENGTH DATA ELEMENTS
- fixed length control field: 170301|| aca||aabn | a|a d
040 ## - CATALOGING SOURCE
- Original cataloging agency: ARRUPE
- Transcribing agency: ARRUPE
100 ## - HEADING--PERSONAL NAME
- Personal name: Beard, Charles A.
- Fuller form of name: (Charles Austin),
- Dates associated with a name: 1874-1948.
670 ## - SOURCE DATA FOUND
- Source citation: Work cat.: (ARRUPE)0: Beard, Charles A. (Charles Austin), 1874-1948., President Roosevelt and the coming of the war, 1941;, 1948.